FORESTRY PRINCIPLES AND APPLICATIONS (Record no. 256)

MARC details
000 -LEADER
fixed length control field 00389nam a2200145Ia 4500
008 - FIXED-LENGTH DATA ELEMENTS--GENERAL INFORMATION
fixed length control field 220612s9999 xx 000 0 und d
020 ## - INTERNATIONAL STANDARD BOOK NUMBER
International Standard Book Number 978-81-7233-810-7
082 ## - DEWEY DECIMAL CLASSIFICATION NUMBER
Item number RAJ
100 ## - MAIN ENTRY--PERSONAL NAME
Personal name RAJ, ANTONY JOSEPH AND LAL, S.B.
245 #0 - TITLE STATEMENT
Title FORESTRY PRINCIPLES AND APPLICATIONS
260 ## - PUBLICATION, DISTRIBUTION, ETC.
Name of publisher, distributor, etc. SCIENTIFIC PUBLICATION (INDIA), JODHPUR
Date of publication, distribution, etc. 2013
300 ## - PHYSICAL DESCRIPTION
Extent 805
650 ## - SUBJECT ADDED ENTRY--TOPICAL TERM
Topical term or geographic name entry element Agriculture
942 ## - ADDED ENTRY ELEMENTS (KOHA)
Koha item type Book
Holdings
Withdrawn status Lost status Damaged status Not for loan Home library Current library Shelving location Date acquired Cost, normal purchase price Total Checkouts Total Renewals Barcode Date last seen Date last checked out Price effective from Koha item type Public note
        Mewar University Central Library Mewar University Central Library Agriculture 17/02/2015 2850.00 10   A256 08/10/2022 08/10/2022 17/02/2015 Book Agriculture R-11 S-1